000
00310nam a2200133Ia 4500
008
221030s9999 xx 000 0 und d
041
_a
English
082
_a
105.23
100
_a
S.P. Sharma
245
0
_a
Basic Radio & Television (Colour & B&W)
_c
by S.P. Sharma
260
_c
0
650
_a
B
942
_c
BK
999
_c
11924
_d
11924